Statystyki dla Największe aglomeracje na Węgrzech

Kliknij tutaj aby rozwiązać quiz!

Ogólne statystyki

  • Ten quiz został rozwiązany 53 razy
  • Średni wynik to 4 z 12

Statystyki odpowiedzi

MiejsceMieszkańcyNazwa% Poprawnych
1.2 630 209Aglomeracja Budapeszteńska
100%
2.265 422Aglomeracja Debreczyńska
57%
3.243 345Aglomeracja Győr
45%
5.204 354Aglomeracja Segedyńska
45%
4.241 958Aglomeracja Miszkolcka
43%
6.177 753Aglomeracja Pecka
38%
12.118 737Aglomeracja Szombathely
23%
7.165 986Aglomeracja Székesfehérvár
19%
9.146 696Aglomeracja Nyíregyháza
17%
10.132 654Aglomeracja Kecskemét
15%
8.149 254Aglomeracja Balatońska
13%
11.127 856Aglomeracja Békéscsaba
6%

Rozkład punktacji

Percentyl według liczby udzielonych odpowiedzi

Procent ludzi z każdym wynikiem

Twoja historia wyników

Nie rozwiązałeś tego quizu